|
|
|
|
| LEADER |
01312nam a22003494a 4500 |
| 001 |
EBC3052100 |
| 003 |
MiAaPQ |
| 005 |
20200520144314.0 |
| 006 |
m o d | |
| 007 |
cr cn||||||||| |
| 008 |
030418s2004 enka sb 001 0 eng |
| 010 |
|
|
|z 2003051710
|
| 020 |
|
|
|z 0195165128
|
| 035 |
|
|
|a (MiAaPQ)EBC3052100
|
| 035 |
|
|
|a (Au-PeEL)EBL3052100
|
| 035 |
|
|
|a (CaPaEBR)ebr10142498
|
| 035 |
|
|
|a (CaONFJC)MIL53386
|
| 035 |
|
|
|a (OCoLC)70224097
|
| 040 |
|
|
|a MiAaPQ
|c MiAaPQ
|d MiAaPQ
|
| 050 |
|
4 |
|a HD30.2
|b .C74 2004
|
| 082 |
0 |
4 |
|a 658.4/038
|2 21
|
| 245 |
0 |
0 |
|a Creating value with knowledge
|h [electronic resource] :
|b insights from the IBM institute for business value /
|c edited by Eric Lesser, Laurence Prusak.
|
| 260 |
|
|
|a Oxford ;
|a New York :
|b Oxford University Press,
|c 2004.
|
| 300 |
|
|
|a xvi, 222 p. :
|b ill.
|
| 504 |
|
|
|a Includes bibliographical references and index.
|
| 533 |
|
|
|a Electronic reproduction. Ann Arbor, MI : ProQuest, 2015. Available via World Wide Web. Access may be limited to ProQuest affiliated libraries.
|
| 650 |
|
0 |
|a Knowledge management.
|
| 655 |
|
4 |
|a Electronic books.
|
| 700 |
1 |
|
|a Lesser, Eric L.
|
| 700 |
1 |
|
|a Prusak, Laurence.
|
| 710 |
2 |
|
|a ProQuest (Firm)
|
| 856 |
4 |
0 |
|u https://ebookcentral.proquest.com/lib/matrademy/detail.action?docID=3052100
|z Click to View
|